Inžinierská geológia niektorých hydrotechnických a komunikačných stavieb v Brazilií

Bibliographic Details
Main Author: Matula, Milan, 1924-2016 (Author)
Format: Article
Language:Slovak
Subjects:

MARC

LEADER 00000nab a2200000 a 4500
001 vtls008850468
003 SK-MaSNL
005 20260304140946.0
008 250505 1976 xo | 000 0 slo
015 |a SNBRB1977 
035 |a urn:nbn:sk:snk-ab80xo 
035 |a (urnnbn)urn:nbn:sk:snk:ar-005l8m 
035 |a (uuid)1e6aa7c7-c265-4b0e-a91f-c4d0e07667f1 
040 |a SNKBUCL  |b slo  |c SNKBUCL  |e AACR2 
041 0 |a slo 
044 |a xo  |c SK 
080 |a 624.131.1(81)  |2 2001 
080 |a 624.9(81)  |2 2001 
100 1 |a Matula, Milan,  |d 1924-2016  |4 aut  |9 37083 
245 1 0 |a Inžinierská geológia niektorých hydrotechnických a komunikačných stavieb v Brazilií  |c Milan Matula 
650 0 7 |a inžinierska geológia  |2 snkbucl  |9 67378 
650 0 7 |a hydrotechnické stavby  |2 snkbucl  |9 573393 
650 0 7 |a komunikačné stavby  |2 snkbucl  |9 1458200 
651 7 |a Brazília  |2 snkbucl  |9 28213 
773 0 |t Mineralia slovaca  |g Roč. 8, č. 6 (1976), s. 558 
850 |a Slovenská národná knižnica 
852 |a Slovenská národná knižnica 
954 |a odborná, vedecká literatúra pôvodná (slovenská)  |2 lita 
958 |a article9 
958 |a OND 
958 |a EUIPO 
999 |c 2916867  |d 2918797